LEADER 03572 am 2200673 n 450 001 9910495820703321 005 20240104030436.0 010 $a2-7535-5548-6 024 7 $a10.4000/books.pur.44811 035 $a(CKB)4100000004385904 035 $a(FrMaCLE)OB-pur-44811 035 $a(PPN)267956339 035 $a(EXLCZ)994100000004385904 100 $a20180606j|||||||| ||| 0 101 0 $afre 135 $auu||||||m|||| 200 03$aLa Bretagne en portrait(s) de groupe$eLes enjeux de la méthode prosopographique (Bretagne, xviiie-xxe siècle)$fChristian Bougeard, Francois Prigent 210 $aRennes$cPresses universitaires de Rennes$d2017 215 $a1 online resource (340 p.) 311 $a2-7535-5044-1 330 $aLa méthode prosopographique qui guide cet ouvrage se trouve actuellement au c?ur du renouvellement des travaux en histoire politique et en histoire sociale. Méthode ou outil, elle permet de passer d'une approche biographique à des portraits collectifs, en effectuant des allers-retours entre les trajectoires individuelles et les trajectoires collectives. La vingtaine d'enquêtes prosopographiques réunies dans cet ouvrage se concentre sur un territoire à forte identité : la Bretagne à cinq départements (Côtes-d'Armor, Finistère, Ille-et-Vilaine, Loire-Atlantique, Morbihan), territoire qui se distingue d'autres ensembles régionaux par la résurgence des réflexes et cultures politiques les plus ancrés, les comportements politiques, les filières syndicales, les mutations du territoire. Leurs évolutions, inflexions et logiques sont similaires. Appliquer la méthode prosopographique à l'étude des élites (politiques, religieuses...) et aux univers militants paraît donc se justifier pleinement. De l'arc des cultures politiques (membres de la Convention, parlementaires gaullistes, socialistes, communistes...) aux « cadres de la société bretonne », en passant par une plongée au c?ur des mondes militants (fouriéristes, anarchistes, militants syndicaux, féministes), cet ouvrage réunit en portraits ces divers groupes, de la fin du xviiie siècle à la fin du xxe siècle. 517 $aBretagne en portrait 517 $aLa Bretagne en portrait 606 $aHistory 606 $aBretagne 606 $aportraits 606 $abiographie 615 4$aHistory 615 4$aBretagne 615 4$aportraits 615 4$abiographie 700 $aAnceau$b Éric$01288118 701 $aBaron$b Bruno$01459837 701 $aBougeard$b Christian$0916679 701 $aBoulland$b Paul$01321072 701 $aChérel$b Daniel$01459838 701 $aGall$b Laurent Le$01317792 701 $aGicquel$b Samuel$0951642 701 $aGiroux$b Bernard$01307119 701 $aGuengant$b Jean-Yves$01459839 701 $aHerbinet$b Olivier$01459840 701 $aJarnoux$b Philippe$0949918 701 $aLefierdebras$b Blandine$01459841 701 $aLe Gall$b Erwan$01314914 701 $aLe Guennec$b Manon$01459842 701 $aMathan$b Anne de$01366601 701 $aMoigne$b Alain Le$01459843 701 $aMoigne$b Frédéric Le$01311662 701 $aPorée$b Lydie$01459844 701 $aPrigent$b Alain$01315090 701 $aPrigent$b François$01283670 701 $aRichard$b Gilles$01283684 701 $aSiloret$b Martin$01349535 701 $aPrigent$b Francois$01283670 801 0$bFR-FrMaCLE 906 $aBOOK 912 $a9910495820703321 996 $aLa Bretagne en portrait(s) de groupe$93658835 997 $aUNINA LEADER 02843nam 2200649Ia 450 001 9910785320003321 005 20200520144314.0 010 $a1-282-82055-9 010 $a9786612820557 010 $a1-4422-0579-2 035 $a(CKB)2670000000059256 035 $a(EBL)662194 035 $a(OCoLC)701236958 035 $a(SSID)ssj0000414061 035 $a(PQKBManifestationID)12139762 035 $a(PQKBTitleCode)TC0000414061 035 $a(PQKBWorkID)10385993 035 $a(PQKB)10748643 035 $a(MiAaPQ)EBC662194 035 $a(Au-PeEL)EBL662194 035 $a(CaPaEBR)ebr10421406 035 $a(CaONFJC)MIL282055 035 $a(OCoLC)671655147 035 $a(MiAaPQ)EBC30666625 035 $a(Au-PeEL)EBL30666625 035 $a(EXLCZ)992670000000059256 100 $a20100326d2010 uy 0 101 0 $aeng 135 $aur|n|---||||| 181 $ctxt 182 $cc 183 $acr 200 14$aThe Church and abortion$b[electronic resource] $ea Catholic dissent /$fGeorge Dennis O'Brien 205 $a1st ed. 210 $aLanham, Md. $cRowman & Littlefield Publishers$dc2010 215 $a1 online resource (202 p.) 300 $aDescription based upon print version of record. 311 $a1-4422-0578-4 311 $a1-4422-0577-6 320 $aIncludes bibliographical references and index. 327 $aPreface; Chapter One; A Foundational Issue; Chapter Two; Abortion and Law; Chapter Three; Morality: Not Too Much Theory; Chapter Four; Rights, Persons, and Pregnancy; Chapter Five; Church Morality; Chapter Six; Notable Lacks and Present Temptations; Afterword; For Further Reading; References; About the Author 330 $aThis provocative book takes a critical look at what is increasingly viewed as the central political issue for Catholics-abortion. From pro-choice politicians being denied communion to Democrats being called ""the party of death,"" for some of the most vocal Catholic leaders, the abortion issue often trumps all others. The author, a practicing Catholic who is against abortion in principle, believes the Church is on the wrong course with this issue, with grievous results for the Church and American society more broadly. He gives a brief history of abortion legislation, then exp 606 $aAbortion$xGovernment policy$zUnited States 606 $aAbortion$xReligious aspects 606 $aAbortion$xMoral and ethical aspects 615 0$aAbortion$xGovernment policy 615 0$aAbortion$xReligious aspects. 615 0$aAbortion$xMoral and ethical aspects. 676 $a261.8/360973 700 $aO'Brien$b Dennis$f1931-$0160379 801 0$bMiAaPQ 801 1$bMiAaPQ 801 2$bMiAaPQ 906 $aBOOK 912 $a9910785320003321 996 $aThe Church and abortion$93689724 997 $aUNINA